| 000 | 01222nam a2200325 a 4500 | ||
|---|---|---|---|
| 001 | BRCA_8550 | ||
| 005 | 20190320210328.0 | ||
| 008 | 150816s1630----it-a######---#000-0#lat-# | ||
| 041 | _alat | ||
| 044 | _ait | ||
| 050 | 4 |
_aBX1970 _b.V73 _c1630 |
|
| 100 | 1 |
_aPapae Octavi _921428 |
|
| 245 | 1 | 0 |
_aMissale romanvm ex decreto sacro sancti concilii tridenti restitvtvm _cPapae Octavi. |
| 260 |
_aRomae _bEx typographia vaticana _c1630 |
||
| 300 |
_a413, ixxv p. _bil. _c36 cm |
||
| 500 | _aFondo antiguo | ||
| 500 | _aSe encuentra en Caja Fuerte | ||
| 500 | _aW-141 | ||
| 500 | _aTexto impreso a dos columnas en tinta negro y rojo | ||
| 500 | _aGrabado y firma en portada | ||
| 500 | _aIncluye tablas y partituras | ||
| 500 | _aUso de letras capitulares | ||
| 500 | _aCon Ex-libris de: Franz Mayer | ||
| 500 | _aNota de encuadernación: en piel con dorados, edición de cantos dorados | ||
| 505 | 0 | _aMissae propriae sanctorum tam de praecepto, quam ad libitum; juxta recentiora decreta summarum pontificum, 1758 | |
| 506 | 0 | _aFondo reservado: para su consulta es necesario credencial de usuario y carta de motivos | |
| 650 | 1 | 4 |
_aIglesia católica _eLiturgia _vtextos _921429 |
| 902 | _aLAR | ||
| 942 |
_2lcc _cB |
||
| 999 |
_c8213 _d8213 |
||